Statistics for Who Wrote This Song?

Click here to take the quiz!

General Stats

  • This quiz has been taken 15 times
  • The average score is 10 of 15

Answer Stats

QuestionAnswer% Correct
Never Gonna Give You UpRick Astley
100%
Piano ManBilly Joel
93%
So WhatPink
93%
Livin La Vida LocaRicky Martin
93%
Rocket ManElton John
79%
Uptown GirlBilly Joel
71%
Fix YouColdplay
71%
Sergeant Pepper's Lonely Hearts Club BandThe Beatles
71%
Moonlight SonataBeethoven
64%
PerfectEd Sheeran
64%
Uptown FunkMark Ronson
64%
All StarSmash Mouth
64%
I'll Make a Man Out of YouDonny Osmond
43%
Chop SueySystem of a Down
36%
Mega Man SoundtrackManami Matsumae
21%

Score Distribution

Percentile by Number Answered

Percent of People with Each Score

Your Score History

You have not taken this quiz